000 00549nam a2200169 4500
001 138066
003 ES-MaACL
005 20230906195509.0
007 t|
008 070214s1981 sp r ||||1| spa d
100 1 _aSánchez-Monge y Parellada, Enrique.
_9102789
245 1 0 _aDiccionario de plantas agrícolas /
_cpor Enrique Sánchez-Monge y Parellada.
260 _aMadrid :
_bMinisterio de Agricultura,
_c1981.
300 _a468 p. ;
_c29 cm.
710 1 _aEspaña.
_bMinisterio de Agricultura.
_93837
852 _aES-MaACL
_jL-4219
_bR.104625
999 _c138066
_d138066